Größte Städte der US-Bundesstaaten - Statistiken

Allgemein
  • Dieses Quiz wurde 214 mal gespielt
  • Das Durchschnittsergebnis liegt bei 26 aus 50
Antwortstatistiken
Bundesstaat Größte Stadt % Korrekt
Kalifornien Los Angeles
95%
Illinois Chicago
90%
Massachusetts Boston
88%
Texas Houston
87%
Washington Seattle
85%
Georgia Atlanta
83%
Nevada Las Vegas
81%
Colorado Denver
77%
Michigan Detroit
77%
Indiana Indianapolis
77%
Missouri Kansas City
77%
Arizona Phoenix
77%
New York New York City
76%
Pennsylvania Philadelphia
76%
Louisiana New Orleans
74%
Hawaii Honolulu
73%
Mississippi Jackson
71%
Oklahoma Oklahoma City
69%
Maine Portland
69%
Oregon Portland
69%
Utah Salt Lake City
66%
Tennessee Nashville
65%
Florida Jacksonville
64%
Minnesota Minneapolis
64%
Maryland Baltimore
55%
Ohio Columbus
50%
New Mexico Albuquerque
48%
Alaska Anchorage
48%
Wisconsin Milwaukee
48%
Idaho Boise
47%
North Carolina Charlotte
46%
Nebraska Omaha
42%
Iowa Des Moines
39%
Arkansas Little Rock
38%
Rhode Island Providence
35%
South Carolina Charleston
34%
West Virginia Charleston
34%
Kentucky Louisville
34%
Wyoming Cheyenne
30%
New Jersey Newark
29%
Kansas Wichita
26%
Virginia Virginia Beach
21%
Delaware Wilmington
21%
North Dakota Fargo
19%
South Dakota Sioux Falls
17%
Montana Billings
15%
Alabama Huntsville
13%
New Hampshire Manchester
12%
Vermont Burlington
9%
Connecticut Bridgeport
5%
Keine übereinstimmenden Quizze gefunden
Verteilung der Resultate
Anzahl Personen mit jedem Resultat
Perzentil nach korrekt beantworteten Fragen
Ihre Resultats-Entwicklung
Sie haben dieses Quiz noch nicht gespielt